000
00300nam a22001337a 4500
003
SGT
082
_a
954
_b
S06N
100
_a
NISHANTKETU, AACHARYA
245
_a
SAHITYA KE ETIHASIK ABHIBHASAN
260
_b
NIRMAL PUBLICATIONS
_c
2006
300
_a
304
650
_a
INDIAN HISTORY
942
_2
ddc
_c
BK
999
_c
27899
_d
27899